Statistics for General Knowledge Quiz #200

Click here to take the quiz!

General Stats

  • This quiz has been taken 48,208 times
  • The average score is 11 of 20

Answer Stats

QuestionAnswer% Correct
What comes next in this sequence: pebble, stone, rock?Boulder
83%
What city is Giza a suburb of?Cairo
77%
Who is known to her fans as "Tay Tay"?Taylor Swift
76%
What "barrier" was first broken by Chuck Yeager in 1947?Sound Barrier
73%
What was Elvis's nickname?The King
69%
What is taught at Le Cordon Bleu?Cooking
68%
What is the world's longest railway line?Trans-{Siberian}
Railway
67%
What capital city was struck by the Great Kanto Earthquake of 1923?Tokyo
60%
What country started building King Abdullah Economic City in 2005?Saudi Arabia
58%
Where is your fifth metatarsal?In your foot
57%
What two words did Dr. Frankenstein say when he brought his monster to life
in the 1931 movie?
It's Alive
56%
What African country was known as Southern Rhodesia from 1923–1980?Zimbabwe
55%
If a Scottish person says someone is "bonnie" what are they?Pretty
52%
What director is noted for his many collaborations with Johnny Depp and
Helena Bonham Carter?
Tim Burton
51%
In what country could you be imprisoned for insulting King Vajiralongkorn or his family?Thailand
47%
What two movies from 1983 and 1984 made Ralph Macchio famous? (name either)The Outsiders /
The Karate Kid
44%
What two words come before "the pipes the pipes are calling / from glen to glen
and down the mountainside"?
Danny Boy
39%
China officially allows five religions including Islam, Catholicism, Protestantism,
and Buddhism. What is the fifth?
Taoism
37%
What is Paris's only sister city?Rome
33%
What was the name of the Russian space station that was launched 1986,
and deorbited in 2001?
Mir
30%

Score Distribution

Percentile by Number Answered

Percent of People with Each Score

Your Score History

You have not taken this quiz